<?xml version="1.0" encoding="UTF-8"?>
<record
    xmlns:xsi="http://www.w3.org/2001/XMLSchema-instance"
    xsi:schemaLocation="http://www.loc.gov/MARC21/slim http://www.loc.gov/standards/marcxml/schema/MARC21slim.xsd"
    xmlns="http://www.loc.gov/MARC21/slim">

  <leader>00179nam a2200085   4500</leader>
  <controlfield tag="001">1257143</controlfield>
  <controlfield tag="005">20260203100519.0</controlfield>
  <datafield tag="245" ind1=" " ind2=" ">
    <subfield code="a">EZOP'TAN MASALLAR</subfield>
    <subfield code="c">EZOP</subfield>
  </datafield>
  <datafield tag="260" ind1=" " ind2=" ">
    <subfield code="b">K&#xDC;LT&#xDC;R A.&#x15E;.</subfield>
  </datafield>
  <datafield tag="999" ind1=" " ind2=" ">
    <subfield code="c">1257143</subfield>
    <subfield code="d">1257143</subfield>
  </datafield>
</record>
